| 000 | 00656nam a2200193 i 4500 | ||
|---|---|---|---|
| 001 | 90498 | ||
| 003 | ES-MaACL | ||
| 005 | 20240225063052.0 | ||
| 008 | 050121s1975 sp |||| |dspa d | ||
| 100 | 1 |
_aLenin, Vladimir Il'ich, _d1870-1924 _971523 |
|
| 245 | 1 | 0 |
_aCorrespondencia privada / _cVladimir Illicht Lenin ; [prólogo de Ana Ulianova ; traducción de Andrés Nin]. |
| 260 |
_aBarcelona : _bFontamara, _c[1975] |
||
| 300 |
_a351 p. ; _c19 cm. |
||
| 600 | 1 | 4 |
_aLenin, Vladimir Il'ich, _d1870-1924 _971523 |
| 700 | 1 |
_aUlianova, Ana. _9111920 |
|
| 700 | 1 |
_aNin, Andreu. _985748 |
|
| 852 |
_aES-MaACL _jE-9599 |
||
| 999 |
_c90498 _d90498 |
||